Statistics for Top 50 Most Urban Countries

Click here to take the quiz!

General Stats

  • This quiz has been taken 529 times
  • The average score is 35 of 50

Answer Stats

#Continent or Region% UrbanAnswer% Correct
1Asia100%Singapore
93%
34Europe82.6%United Kingdom
90%
2Europe100%Monaco
89%
11Asia93.5%Japan
87%
4Middle East99.2%Qatar
86%
36North America81.6%United States of America
85%
27Middle East85.5%United Arab Emirates
84%
13South America91.8%Argentina
82%
5Middle East98.3%Kuwait
82%
15Europe90.2%Luxembourg
82%
26South America85.7%Brazil
81%
6Europe97.9%Belgium
80%
16South America89.6%Chile
80%
14Europe90.5%Netherlands
79%
28Europe85.1%Andorra
78%
17Oceania89.4%Australia
78%
19Middle East88.8%Bahrain
78%
39Europe79.5%France
78%
12Middle East92.1%Israel
78%
24Oceania86.3%New-Zealand
78%
25Europe85.8%Sweden
77%
22Europe87.7%Denmark
76%
37Europe80.5%Norway
76%
9Europe94.2%San Marino
76%
38Europe79.6%Spain
76%
35North America81.8%Canada
75%
29Europe84.2%Finland
74%
8South America95.3%Uruguay
74%
40Central America79.2%Mexico
72%
33Asia82.6%South Korea
72%
42South America78.6%Peru
70%
31Middle East83.1%Saudi Arabia
69%
48Caribbean77.1%Cuba
67%
3Oceania100%Nauru
67%
18South America89.0%Venezuela
66%
45Middle East77.6%Oman
65%
7Europe95.4%Malta
64%
10Europe94.1%Iceland
63%
30Middle East83.7%Jordan
62%
20Middle East87.8%Lebanon
62%
49Asia76.9%Taiwan
62%
44Europe78.0%Greece
58%
23Oceania87.1%Palau
55%
50Central America76.8%Costa Rica
51%
41Caribbean79.0%Dominican Republic
50%
32Caribbean83.9%Bahamas
49%
47Asia77.2%Brunei
44%
46Africa77.3%Djibouti
29%
43Africa78.6%Libya
22%
21Africa87.2%Gabon
14%

Score Distribution

Percentile by Number Answered

Percent of People with Each Score

Your Score History

You have not taken this quiz